000
00295nam a22001337a 4500
008
181107b xxu||||| |||| 00| 0 eng d
020
_a
9780881791341
041
_a
eng
080
_a
610
100
_a
4
101
_a
SHM
245
_a
Allergy, Relief & Prevention
_c
Krohn, J
942
_2
udc
_c
BK
999
_c
52226
_d
52226